000
00174 a2200097 4500
001
3616
100
_a
Cragge, K
245
_a
260
_a
_b
Heath
_c
090
_c
2880
_d
2880
942
_a
NUST-CAE
_c
M
_c
20891
999
_c
238689
_d
238689